000 00839cab a2200265 4500
001 WB2919-06
008 090401t1993 xxu||||| |||| 00| 0 eng d
035 _a(Sirsi) u31332
041 _aeng
245 _aCampaign for cheaper offices
260 _c1993
350 _a0
490 _aCSW - The Property Week
_v43(8) 20 May 1993, 10
490 _aBuilding
_v258(7795) 21 May 1993, 13(1)
520 _aSpeakers at the British Council for Offices conference have called for a move to 10-15 year office leases and for cheaper construction costs.
650 _a25 YEAR LEASES
650 _aDESIGN
650 _aENERGY EFFICIENCY
650 _aOVER-SPECIFICATION
650 _aRUNNING COSTS
690 _aPROPERTY-COMMERCIAL PROPERTY
690 _aLANDLORD AND TENANT-BUSINESS TENANCIES
942 _n0
948 _c04/03/1997
999 _c21043
_d21043